Mtyude Cinemakal (Record no. 112259)

MARC details
000 -LEADER
fixed length control field 00397nam a2200133Ia 4500
008 - FIXED-LENGTH DATA ELEMENTS--GENERAL INFORMATION
fixed length control field 211119s9999||||xx |||||||||||||| ||und||
082 ## - DEWEY DECIMAL CLASSIFICATION NUMBER
Classification number 894.812 2MT
Item number KOZ-M
100 ## - MAIN ENTRY--PERSONAL NAME
Personal name Kozhikoden,
245 #0 - TITLE STATEMENT
Title Mtyude Cinemakal
260 ## - PUBLICATION, DISTRIBUTION, ETC.
Name of publisher, distributor, etc. Mathrubhoomi Books
Place of publication, distribution, etc. 2007
Date of publication, distribution, etc. Kottayam
300 ## - PHYSICAL DESCRIPTION
Extent 184p.
650 ## - SUBJECT ADDED ENTRY--TOPICAL TERM
Topical term or geographic name entry element Literature
942 ## - ADDED ENTRY ELEMENTS (KOHA)
Koha item type BOOK
650 ## - SUBJECT ADDED ENTRY--TOPICAL TERM
Form subdivision Altaic,Uralic,Hyperborean &DravidianEconomics
General subdivision PGR-GANDHIAN STUDIES
Holdings
Withdrawn status Lost status Source of classification or shelving scheme Damaged status Not for loan Home library Current library Date acquired Cost, normal purchase price Full call number Barcode Shelving location Date last seen Price effective from Koha item type
    Dewey Decimal Classification     SB LIBRARY SB LIBRARY 19/11/2021 100.00 894.8122 KOZ-M 00125711 PGR-GANDHIAN STUDIES 19/11/2021 19/11/2021 BOOK

Powered by Koha